000 00993nam a2200289 i 4500
001 13623
003 KOSZ 005
005 20200630132828.0
008 080607s1962 pl a f f 000 0 pol
015 _aPB 1962/6527
040 _aWA N
_cWA N
_dKOSZ 005/RW
080 _a007
100 1 _aLange, Oskar
_d(1904-1965)
_eAutor
245 1 0 _aCałość i rozwój w świetle cybernetyki /
_cOskar Lange.
260 _aWarszawa :
_bPaństwowe Wydawnictwo Naukowe,
_c1962.
300 _a86, [2] stron :
_bilustracje, errata ;
_c20 cm.
336 _aTekst
_btxt
_2rdacontent
337 _aBez urządzenia pośredniczącego
_bn
_2rdamedia
338 _aWolumin
_bnc
_2rdacarrier
380 _aKsiążki.
658 _aFilozofia i etyka
658 _aInżynieria i technika
650 4 _aCybernetyka
710 2 _aPaństwowe Wydawnictwo Naukowe
_4pbl.
856 _uhttp://koha.tu.koszalin.pl/cgi-bin/koha/opac-detail.pl?biblionumber=13623
_yKatalog online BPK
942 _2UKD
_cKS
999 _c13623
_d13623